000
00341nam a22001457a 4500
008
210427b ||||| |||| 00| 0 eng d
020
_a
2900435088636
041
_a
eng
080
_a
37
082
_a
37
100
_a
46
101
_a
EDU
245
_a
Guided Reading Good First Teaching for All Children
_c
Fountas,I.C
942
_2
udc
_c
BK
999
_c
56803
_d
56803